000 00217nam a22000977a 4500
999 _c16258
_d16258
003 OSt
008 200626b ||||| |||| 00| 0 eng d
100 _aG.D. Tuli
_94654
245 _aThe Language of Chemistry
942 _cBK